| 000 | 00476nam a2200181Ia 4500 | ||
|---|---|---|---|
| 008 | 240925s9999 xx 000 0 und d | ||
| 020 | _a9788177585766 | ||
| 082 | _a530.141 CHE | ||
| 100 | _aCheng ,David K. | ||
| 245 | 0 | _aField and Wave Electromagnetics | |
| 250 | _a2nd | ||
| 260 |
_aNew Delhi: _bPearson Education _c,1989. |
||
| 300 |
_a450p. _bN.A _fOriginal |
||
| 500 | _aIncludes Index | ||
| 600 | _aHumanities & Natural Science | ||
| 650 | _aPhysics | ||
| 942 | _cBK | ||
| 999 |
_c13312 _d13312 |
||